| 000 | 00477nam a2200181Ia 4500 | ||
|---|---|---|---|
| 003 | GCL | ||
| 008 | 140319s9999 xx 000 0 eng d | ||
| 040 |
_aGCL / _cGCL |
||
| 082 | 0 | 4 |
_a720.92 _bC A |
| 100 | 1 | _aCOLLYMARE, PETER | |
| 245 | 1 | 0 |
_aTHE ARCHITCTURE OF RALPH EERSKINE / _cCOLLYMARE, PETER |
| 260 |
_a[S.N] : _bACADEMY EDITIONS ، _c1994 |
||
| 300 | _a224 P | ||
| 650 | 0 | 4 | _aARCHITECTS |
| 650 | 0 | 4 | _aMODERN ARCHITECTURE |
| 650 | 0 | 4 | _aERSKINE, RALPH |
| 942 |
_2ddc _cBK |
||
| 999 |
_c11328 _d11328 |
||